|
|
|
|
| LEADER |
00000nam0a2200000 4500 |
| 001 |
29741 |
| 005 |
20231030203616.0 |
| 010 |
|
|
|a 9856182913
|
| 035 |
|
|
|a (RuTPU)RU\TPU\book\30007
|
| 035 |
|
|
|a BOOK00030082
|
| 090 |
|
|
|a 29741
|
| 100 |
|
|
|a 20011209d1999 m y0rusy50 ca
|
| 101 |
0 |
|
|a rus
|
| 102 |
|
|
|a BY
|
| 105 |
|
|
|a y j 001zy
|
| 200 |
1 |
|
|a Менеджмент организации
|e учебное пособие для вузов
|f Л. А. Воробьев
|
| 210 |
|
|
|a Минск
|c Дизайн
|d 1999
|
| 215 |
|
|
|a 288 с.
|
| 320 |
|
|
|a Библиогр.: с. 283-285.
|
| 610 |
1 |
|
|a экономика
|
| 610 |
1 |
|
|a труд
|
| 610 |
1 |
|
|a организации
|
| 610 |
1 |
|
|a фирмы
|
| 610 |
1 |
|
|a предприятия
|
| 610 |
1 |
|
|a кадры
|
| 610 |
1 |
|
|a персонал
|
| 610 |
1 |
|
|a управление
|
| 610 |
1 |
|
|a предпринимательство
|
| 610 |
1 |
|
|a деловые предприятия
|
| 610 |
1 |
|
|a коллектив
|
| 610 |
1 |
|
|a психология
|
| 610 |
1 |
|
|a управленческие решения
|
| 610 |
1 |
|
|a менеджмент
|
| 610 |
1 |
|
|a инновации
|
| 610 |
1 |
|
|a продукция
|
| 610 |
1 |
|
|a качество
|
| 610 |
1 |
|
|a учебные пособия
|
| 686 |
|
|
|a У9(2)240я73
|v LBC/SL-A
|2 rubbk
|
| 700 |
|
1 |
|a Воробьев
|b Л. А.
|g Леонид Андреевич
|
| 801 |
|
0 |
|a BY
|b 63413507
|c 20011209
|g PSBO
|
| 801 |
|
2 |
|a RU
|b 63413507
|c 20121017
|g PSBO
|
| 942 |
|
|
|c BK
|